[Event "Magnus Carlsen Invitational-KO 2021"]
[Site "Online"]
[Date "2021.03.16"]
[Round "1.1"]
[White "Carlsen, Magnus"]
[Black "Aronian, Levon"]
[Result "1/2-1/2"]
[WhiteElo "2847"]
[BlackElo "2781"]
[Annotator "TA"]
[PlyCount "94"]
[EventDate "2021.03.16"]
[EventType "k.o."]
[EventCountry "NET"]

{[%evp 11,94,17,16,14,22,19,28,24,88,28,20,21,25,28,32,13,28,7,7,13,19,6,58,51,66,53,68,72,120,121,120,112,157,147,154,154,157,154,155,162,151,143,223,213,226,208,204,129,126,138,138,91,103,106,100,100,93,75,114,102,111,98,111,121,117,116,113,106,145,145,145,145,423,423,462,379,449,460,404,0,361,0,360,0,218]} 1. e4 c5 2. Nf3 d6 3. Bb5+ Nd7 4. d4 cxd4 5. Qxd4 a6 6. Bxd7+ Bxd7 7. c4 {B51: Sicilian: Moscow Variation (3 Bb5+) without 3...Bd7.} e6 8. Nc3 Bc6 9. O-O {White has an edge.} Be7 (9... Nf6 $11) 10. Rd1 (10. Qxg7 $16 Bf6 11. Qg3) 10... Nf6 $11 11. Qd3 O-O 12. Nd4 Qa5 {[#]} 13. Nxc6 $146 ({Predecessor:} 13. Bd2 Qh5 14. f3 Rac8 15. Rac1 Nd7 16. b3 Ne5 17. Qe2 Rfd8 18. Be3 Ng6 19. f4 {1-0 (38) Popov,I (2599)-Sarana,A (2541) Moscow 2017}) 13... bxc6 14. Bd2 Qh5 15. h3 Rfd8 16. Bf4 g5 (16... d5 $11) 17. Qg3 $14 {[%cal Rf4d6]} Ne8 18. Be3 c5 19. e5 dxe5 20. Rxd8 Rxd8 21. Qxe5 Qg6 22. Bxc5 Bf6 23. Qe2 Bxc3 24. bxc3 Qd3 25. Qxd3 Rxd3 $16 {[%mdl 4096] Endgame KRB-KRN} 26. Rb1 {[#] Black must now prevent Rb8.} f6 (26... Rd8 $16 {was necessary.} 27. Be3 h6) 27. Rb8 $18 Kf7 28. Rb7+ Kg6 29. Bf8 Rd8 30. c5 Rc8 31. Rb6 Kf7 32. Bd6 Nxd6 33. cxd6 {aiming for Rb7+.} ({But not} 33. Rxd6 $6 Rxc5 34. Rxa6 Rxc3 $11) 33... Rxc3 34. Rxa6 $16 {KR-KR} Rc1+ 35. Kh2 e5 36. g4 Ke6 37. d7+ $1 Kxd7 38. Rxf6 Rc2 39. Kg3 Rxa2 {[#]} 40. Rf5 $1 Ra3+ 41. Kg2 Ke6 $2 {[%mdl 8192]} (41... h6 $16) 42. Rxg5 $18 Ra7 43. Rf5 Rb7 44. Kg3 Rb3+ 45. Kg2 Rb7 $1 46. Kg3 Rb3+ 47. Kg2 Rb7 $1 {Weighted Error Value: White=0.34/Black=0.22} 1/2-1/2

[Event "Magnus Carlsen Invitational-KO 2021"]
[Site "Online"]
[Date "2021.03.16"]
[Round "1.1"]
[White "Nepomniachtchi, Ian"]
[Black "Nakamura, Hikaru"]
[Result "1/2-1/2"]
[WhiteElo "2789"]
[BlackElo "2736"]
[Annotator "TA"]
[PlyCount "108"]
[EventDate "2021.03.16"]
[EventType "k.o."]
[EventCountry "NET"]

{[%evp 18,108,27,10,31,22,27,22,12,11,15,15,20,17,11,6,17,9,22,10,7,2,2,12,18,0,0,0,0,0,0,0,0,0,0,0,0,0,31,31,31,31,31,31,31,31,31,31,39,39,70,31,89,80,273,250,358,334,313,281,266,88,88,90,81,0,0,0,0,0,0,0,0,0,0,0,0,0,0,0,0,0,0,0,779,0,0,0,760,0,0,0,756]} 1. e4 e5 2. Nf3 Nc6 3. Bb5 Nf6 4. O-O Nxe4 5. d4 Nd6 6. Bxc6 dxc6 7. dxe5 Nf5 8. Qxd8+ Kxd8 9. Nc3 Ke8 10. h3 h5 {C67: Ruy Lopez: Berlin Defence: 4 0-0 Nxe4.} 11. Bf4 Be7 (11... Be6 12. Ng5 Bc4 13. Rfd1 Bb4 14. Nce4 Be2 15. Rdc1 Bc4 16. b3 Bd5 17. Rd1 Be7 18. c4 Bxe4 19. Nxe4 c5 20. Rd3 Rd8 21. Rad1 b6 22. e6 fxe6 23. Bxc7 Rxd3 24. Rxd3 {1-0 (64) Nepomniachtchi,I (2789)-Nakamura,H (2736) chess24.com INT 2021}) 12. Rad1 Nh4 13. Nxh4 Bxh4 14. Ne2 Be7 15. Nd4 g5 16. Bh2 Rh6 17. Rfe1 Bd8 {[#]} 18. f4 $146 (18. b3 {seems wilder.} Rg6 19. Kf1 Bd7 20. f3 a5 21. g4) ({Predecessor:} 18. c4 c5 19. Nb5 Be6 20. b3 a6 21. Nc3 b5 22. Nd5 c6 23. Ne3 Ba5 24. Re2 Rg6 25. g4 hxg4 26. hxg4 bxc4 27. bxc4 Rd8 28. Rxd8+ Kxd8 29. Rc2 {½-½ (29) Velker,W (2187)-Svensson,C (2189) ICCF email 2014}) 18... gxf4 19. Bxf4 Rg6 20. e6 Bxe6 21. Nxe6 (21. b3 {feels hotter.} h4 22. Nxe6 Rxe6 23. Rxe6+ fxe6 24. Kf2) 21... Rxe6 22. Rxe6+ fxe6 $11 {[%mdl 4096] Endgame KRB-KRB} 23. Kf2 Bf6 24. b3 Rc8 25. g4 hxg4 26. hxg4 Ke7 27. Rh1 Rh8 (27... e5 {is more complex.} 28. Be3 e4 29. g5 Be5 30. Rh4 Ke6) 28. Rxh8 Bxh8 29. Bxc7 $14 {KB-KB} Bf6 30. Kf3 Kf7 31. Ke4 a6 32. Be5 {Bxf6 is the strong threat.} Be7 33. Kd4 Kg6 34. Bc7 Kf6 (34... Bg5 $14) 35. Bg3 Ba3 $2 (35... e5+ $16 {was called for.} 36. Ke4 (36. Bxe5+ Kg5 $16) 36... Bd6) 36. Bh4+ $1 $18 Kf7 (36... Kg7 {might work better.} 37. Ke5 Kf7) 37. Ke5 $1 Bb4 38. c4 a5 39. g5 $2 (39. Bg5 $18 {has better winning chances.} Kg6 40. Bd8) 39... Bc3+ $16 40. Kd6 e5 {[#]} 41. Kc7 (41. Bf2 $1 $16) 41... e4 $11 42. Kxb7 (42. Bf2 {with more complications.} Bd2 43. Kxb7 e3 44. Bxe3 Bxe3 45. g6+) 42... e3 43. Kxc6 {Strongly threatening c5.} Kg6 $1 {[%cal Rg6h5]} 44. Kd5 Kh5 45. Bg3 Kxg5 (45... e2 {is interesting.} 46. Bf2 Kxg5 47. c5 Kf4 48. c6 Kf3) 46. Ke4 e2 $1 47. c5 {Threatens to win with c6.} Kf6 $1 48. Kd5 {Hoping for c6.} Ke7 49. Kc6 {Black must now prevent Kb7.} Bb4 $1 50. Bh4+ (50. Kb6 {feels hotter.} Kd7 51. a3 a4 52. axb4 axb3 53. Kb7) 50... Ke8 $2 {[%mdl 8192]} (50... Ke6 $11) 51. Kd6 Ba3 52. Kc6 Bb4 {[#] intending ...a4.} 53. Kd6 $2 (53. a4 $1 $18 Kf7 54. Kb6) 53... Ba3 54. Kc6 $2 {[%mdl 8192]} (54. Bf2 $11) 54... Bb4 {[%mdl 32768] Weighted Error Value: White=0.24/Black=0.12. An unexpected result.} 1/2-1/2

[Event "Magnus Carlsen Invitational-KO 2021"]
[Site "Online"]
[Date "2021.03.16"]
[Round "1.1"]
[White "So, Wesley"]
[Black "Firouzja, Alireza"]
[Result "1/2-1/2"]
[WhiteElo "2770"]
[BlackElo "2759"]
[Annotator "TA"]
[PlyCount "132"]
[EventDate "2021.03.16"]
[EventType "k.o."]
[EventCountry "NET"]

{[%evp 11,132,35,24,13,50,27,50,40,64,25,21,3,1,0,9,2,0,0,20,0,0,0,0,0,0,0,0,0,75,-153,-169,-97,-183,-151,-162,-145,-83,-236,-215,-469,0,0,0,0,0,0,0,0,0,0,0,0,212,210,1347,1414,1265,1369,1533,1274,1274,0,0,0,0,0,0,-9,-9,-9,-9,-9,0,-9,-9,-9,0,-9,-9,-9,-9,-9,0,-9,-9,-9,-9,-9,-9,-9,-9,-9,-9,-9,-16,-17,-17,-17,0,-17,0,0,0,0,0,0,0,0,0,0,0,0,0,0,0,0,0,0,0,0,0,0,0]} 1. e4 c6 2. d4 d5 3. e5 Bf5 4. Nf3 e6 5. Be2 Ne7 6. O-O h6 {6...Ng6 is a critical line.} 7. a4 {B12: Caro-Kann: Advance Variation.} g5 8. a5 a6 9. b4 {White is slightly better.} Nd7 {[#]} 10. c3 $146 ({Predecessor:} 10. Nc3 Qc7 11. Na4 Bg7 12. Be3 f6 13. exf6 Bxf6 14. c4 dxc4 15. Bxc4 Nd5 16. Qb3 {1-0 (37) Petrov,M (2439)-Yordanov,L (2271) Skopje 2018}) 10... f6 11. exf6 Ng6 12. f7+ Kxf7 13. Nbd2 Bd6 14. Nb3 Qc7 15. g3 Nf6 16. Bd3 g4 17. Ne1 h5 18. Ra2 h4 {[%cal Rh4g3]} 19. Nc5 $1 Rh5 (19... Rag8 $11 {remains equal.}) 20. Re2 $2 (20. f3 $1 $16 {[%cal Rf3g4]} gxf3 21. Nxf3 Bxc5 22. bxc5) 20... hxg3 $17 21. fxg3 Bxg3 22. hxg3 Qxg3+ 23. Rg2 {[#]} Qh3 24. Nxe6 $2 Bxe6 $19 25. Nf3 $2 {[#]} (25. Qc2 Nh4 26. Rh2 (26. Qf2 $2 Nf3+ 27. Qxf3 gxf3 $19) 26... Qg3+ 27. Kh1) 25... Nh4 $2 ({Weaker is} 25... gxf3 26. Bxg6+ Kg7 27. Qxf3 $11) (25... Qxg2+ $3 $19 {[%mdl 512]} 26. Kxg2 gxf3+ 27. Kg1 (27. Rxf3 $2 Nh4+ {[%mdl 64] Double Attack} 28. Kf1 Nxf3 $19) 27... Rg8) 26. Nxh4 $11 Qxh4 27. Bf4 $36 {[%mdl 2048] White has good play.} Rah8 28. Qe2 Qh1+ 29. Kf2 Qh4+ 30. Kg1 g3 31. Bxg3 Qh3 (31... Qg5 $1 $11 {and Black has nothing to worry.} 32. Bh2 Bh3 33. Rxg5 Rxg5+ 34. Kh1 Bxf1 35. Qxf1 Rgh5) 32. Be5 R5h6 (32... R8h6 33. Rh2 Qg4+ 34. Qxg4 Bxg4 35. Rxh5 Bxh5) 33. Rxf6+ $18 Rxf6 34. Bxf6 Qh1+ 35. Kf2 Rh2 36. Rxh2 $2 (36. Bg6+ $18 Kf8 37. Qf3 Rxg2+ 38. Qxg2) 36... Qxh2+ $11 {The position is equal.} 37. Ke1 Qg3+ 38. Kd2 Kxf6 39. Qe5+ (39. Kc2 {looks sharper.} Qf4 40. Kb2 Bg4 41. Qe1 Bf5 42. Bxf5 Kxf5 43. Qe2) 39... Qxe5 40. dxe5+ Kxe5 {[%mdl 4096] Endgame KB-KB} 41. Ke3 Bf5 42. Be2 Be4 43. Bg4 {Black must now prevent Bc8.} Bf5 44. Bf3 (44. Be2 {seems wilder.}) 44... Be6 45. Bg2 Bg4 46. Bh1 Bf5 {aiming for ...Be4.} 47. Bg2 Bd7 48. Bf3 Bh3 49. Bh1 Bf1 50. Bf3 Bb5 51. Bg2 Ba4 52. Bf3 Bc2 53. Bg2 Bb1 54. Bf3 Be4 {And now ...Bxf3 would win.} 55. Bg4 {Bc8 is the strong threat.} Bg2 (55... Kd6 {keeps more tension.} 56. c4 Kc7 57. Kd4 Bg2 58. cxd5 Bxd5 59. Kc5 Be4) 56. Bc8 d4+ 57. cxd4+ Kd5 58. Kd3 Bf1+ 59. Kc3 Kd6 $1 60. d5 Kc7 61. Be6 cxd5 62. Bxd5 b6 63. axb6+ Kxb6 64. Bc4 Bxc4 65. Kxc4 a5 66. bxa5+ Kxa5 {White used his chance.  Weighted Error Value: White=0.31/Black=0.19} 1/2-1/2

[Event "Magnus Carlsen Invitational-KO 2021"]
[Site "Online"]
[Date "2021.03.16"]
[Round "1.1"]
[White "Firouzja, Alireza"]
[Black "So, Wesley"]
[Result "0-1"]
[WhiteElo "2759"]
[BlackElo "2770"]
[Annotator "TA"]
[PlyCount "158"]
[EventDate "2021.03.16"]
[EventType "k.o."]
[EventCountry "NET"]
[SourceTitle "playchess.com"]
[Source "ChessBase"]
[SourceQuality "1"]

{[%evp 14,158,12,8,17,6,7,9,26,34,31,21,42,43,37,37,36,34,33,34,27,29,29,18,34,31,31,24,34,8,16,11,31,20,23,22,26,22,32,40,33,32,59,49,72,63,64,46,63,25,45,23,38,38,46,37,55,55,50,59,56,43,39,0,52,54,55,41,59,45,45,37,37,15,10,15,133,131,137,135,133,5,15,0,0,0,0,0,0,0,0,34,32,0,0,0,33,0,0,0,0,-369,-369,-369,-364,-335,-335,-335,-343,-328,-328,-413,-413,-420,-486,-518,-489,-481,0,0,0,-493,-493,-493,-452,-436,-420,-429,-429,-443,-443,-452,-375,-389,-390,-435,-390,-413,-417,-29978,-29979,-29981,-29982,-29984,-29980,-29979,-29980]} 1. e4 e5 2. Nf3 Nc6 3. Bc4 Bc5 4. c3 Nf6 5. d3 d6 6. O-O O-O 7. Re1 h6 8. h3 a5 $1 {[%mdl 4] is currently scoring better than 8...a6. C54: Giuoco Piano: 4 c3 Nf6, main lines with 5 d4 and 5 d3.} 9. Bb3 Be6 10. Ba4 {[#]} Bb6 $1 $146 {[%mdl 8] The position is equal. A top novelty.} ({Predecessor:} 10... Ba7 11. d4 Bd7 12. Bc2 exd4 13. cxd4 Nb4 14. Nc3 Nxc2 15. Qxc2 c5 16. Be3 cxd4 17. Bxd4 Bxd4 18. Nxd4 {½-½ (38) So,W (2780)-Nakamura,H (2777) chess.com INT 2018}) 11. d4 Bd7 12. Be3 exd4 13. cxd4 Re8 (13... Nxe4 $2 14. d5 $18) 14. d5 {Hoping for Bxb6.} Ne5 15. Nxe5 Bxa4 16. Qxa4 {Strongly threatening Ng4.} Bxe3 17. Rxe3 Rxe5 18. Nd2 Qd7 19. Qc2 Rae8 20. Rae1 R5e7 21. Qc3 Qa4 22. f3 Qb4 23. Kf2 Qxc3 24. bxc3 a4 25. g4 Nd7 26. Rb1 Nc5 27. Nf1 c6 28. c4 Rc7 29. Ra3 g6 30. Ne3 Kg7 31. Ke2 Rh8 32. Rc3 h5 33. g5 h4 34. Rcc1 Rh5 35. Rg1 Rh8 36. Rb4 Rh5 37. Rg4 Rh8 38. Rg1 Rh5 39. Rb2 Rh8 40. Rd2 Rh5 41. Rd4 Rh8 42. Rb1 Re7 43. Kf2 Rh5 44. Rg1 Re5 (44... cxd5 $11 {keeps the balance.} 45. Nxd5 (45. Rxd5 Re5 $11) 45... Re5) 45. Ng4 $1 $16 {[%cal Rg4e5]} Re7 {[#]} 46. Nf6 $1 {[%cal Rf6h5]} Rh8 47. dxc6 (47. Rb1 $16) 47... bxc6 $11 48. Rxd6 Rb7 $1 49. Ke3 Rb2 50. Rgd1 Rxa2 51. Rxc6 Ra3+ $1 52. Ke2 Ra2+ $1 53. Ke3 (53. Ke1 $5 {[%cal Rc6c5]} Ne6 54. Rxe6 fxe6 55. Rd7+ Kf8 56. Nh7+ Kg8 57. Nf6+ Kf8 58. f4 $11) 53... Ra3+ $1 54. Ke2 Ra2+ $1 55. Kf1 (55. Ke1 $5 {[%cal Rc6c5]} Ne6 56. Rxe6 fxe6 57. Rd7+ Kf8 58. Ra7 $11) 55... Nb3 {White must now prevent ...Nd2+.} 56. Rcd6 a3 57. Rd8 $2 {[%mdl 8192]} (57. e5 $1 $11 {and White stays safe.} Nc5 58. Rc6) 57... Rxd8 $19 58. Rxd8 {[%csl Gf6][%cal Rd8g8][%mdl 4096] Endgame KRN-KRN} Nd2+ {[%mdl 64] Double Attack} 59. Ke2 {[%csl Gf6][%cal Rd8g8]} Nxe4+ $1 ({And not} 59... Nxc4+ 60. Ke1 $11) 60. Ke3 {[%csl Gf6][%cal Rd8g8]} Nxf6 ({Don't take} 60... Nxg5 61. Ne8+ Kh7 62. Nf6+ Kh6 63. Ra8) 61. gxf6+ Kxf6 {KR-KR} 62. Ra8 Ra1 {Threatens to win with ...a2.} 63. Ra6+ Kf5 64. Ra5+ Ke6 65. Ra6+ Kf5 $2 (65... Ke5 $19 66. f4+ Kf5 67. Ra5+ Ke6 68. Ra6+ Ke7) 66. Ra5+ $11 Ke6 $2 {[%mdl 8192]} (66... Kf6 $11 67. Ra6+ Ke7) 67. Ra6+ $1 $19 Kd7 68. Kf2 a2 {...Rh1 is the strong threat.} 69. Kg2 Kc7 70. c5 Kb7 71. Ra4 Kc6 72. Ra5 g5 73. Kh2 Kd5 74. Kg2 f6 75. Kh2 Kc4 {And now ...Kb3 would win.} 76. c6 {[#]} (76. Ra7 $19 Kxc5 77. Kg2) 76... Kb3 $1 {Black mates.} 77. c7 Rc1 78. Ra7 Rc2+ 79. Kg1 {[#]} Rxc7 $1 {[%mdl 512] Weighted Error Value: White=0.23/Black=0.07} 0-1

[Event "Magnus Carlsen Invitational-KO 2021"]
[Site "Online"]
[Date "2021.03.16"]
[Round "1.1"]
[White "Vachier-Lagrave, Maxime"]
[Black "Giri, Anish"]
[Result "1/2-1/2"]
[WhiteElo "2758"]
[BlackElo "2776"]
[Annotator "TA"]
[PlyCount "36"]
[EventDate "2021.03.16"]
[EventType "k.o."]
[EventCountry "NET"]

{[%evp 9,36,7,19,2,4,0,0,0,-1,-8,-3,-11,0,-12,-19,-22,4,-10,-14,-16,-14,-10,-14,-11,0,-17,0,0,0]} 1. e4 c5 2. Nf3 d6 3. Bb5+ Nd7 4. c4 e5 5. O-O Ne7 {The position is equal.} 6. Nc3 {B51: Sicilian: Moscow Variation (3 Bb5+) without 3...Bd7.} a6 7. Bxd7+ Bxd7 {[#]} 8. Rb1 $146 ({Predecessor:} 8. Ne1 g5 9. Nc2 Ng6 10. Ne3 h5 11. Ned5 b5 12. d3 Nf4 13. Kh1 Rb8 14. g3 Nxd5 15. Nxd5 {0-1 (36) Md Zakaria (1902)-Bhuiyan,G (2092) Dhaka 2018}) 8... Nc6 9. Nd5 b5 10. d3 Be7 11. Be3 O-O 12. Nd2 Be6 13. f4 exf4 14. Bxf4 Bg5 15. Bg3 Bh4 16. Bf4 Bg5 17. Bg3 Bh4 18. Bf4 Bg5 {An uneventful encounter.  Weighted Error Value: White=0.04/Black=0.06} 1/2-1/2

[Event "Magnus Carlsen Invitational-KO 2021"]
[Site "Online"]
[Date "2021.03.16"]
[Round "1.1"]
[White "Nakamura, Hikaru"]
[Black "Nepomniachtchi, Ian"]
[Result "1/2-1/2"]
[WhiteElo "2736"]
[BlackElo "2789"]
[Annotator "TA"]
[PlyCount "88"]
[EventDate "2021.03.16"]
[EventType "k.o."]
[EventCountry "NET"]
[SourceTitle "playchess.com"]
[Source "ChessBase"]
[SourceQuality "1"]

{[%evp 11,88,11,23,8,21,6,46,31,32,0,36,0,0,-23,-27,-23,-27,-25,-20,-25,-9,-60,-60,-70,-73,-101,-92,-83,-71,-64,-24,-40,-27,-23,-23,-39,-29,-71,-68,-101,-97,-95,-70,-85,-54,-54,-65,-89,-86,-89,-55,-36,-43,-50,-10,-10,-20,-9,-16,-28,-16,-20,0,-3,0,0,0,0,0,0,8,8,11,11,20,8,15,8,8]} 1. e4 c5 2. Nf3 e6 3. d4 cxd4 4. Nxd4 Nc6 5. Nc3 a6 6. Nxc6 bxc6 7. Qf3 {B46: Sicilian: Taimanov: 5 Nc3 a6.} d5 8. Qg3 {[#]} f5 $146 ({Predecessor:} 8... Ne7 9. h4 dxe4 10. Nxe4 Nf5 11. Qf4 c5 12. Bd3 Bb7 13. h5 Qd4 14. Rh3 c4 {0-1 (33) Giri,A (2764)-Artemiev,V (2708) Chess.com INT 2020}) 9. exf5 {White is slightly better.} exf5 10. Bg5 (10. Be2 {seems wilder.} Nf6 11. Bf4 Ra7 12. O-O Kf7 13. Na4) 10... Be7 (10... Nf6 {is interesting.} 11. O-O-O Bd6 12. Re1+ Kf7 13. Qf3 Rb8) 11. Bxe7 (11. Bf4 {feels hotter.} Kf7 12. Bd3 Nf6 13. Be5 Re8 14. O-O) 11... Qxe7+ 12. Qe3 (12. Be2 {looks sharper.} Nf6 13. O-O O-O 14. Bd3 Bd7 15. Qf4) 12... Qxe3+ 13. fxe3 Nf6 14. Na4 a5 15. Bd3 Rb8 16. a3 (16. h3 $11) 16... Ke7 $15 17. Rb1 Kd6 18. b4 {[#]} axb4 $1 19. axb4 Re8 20. Kd2 Ng4 21. Rhe1 $1 Nxh2 22. Rh1 Ng4 23. Rxh7 Rb7 ({Much worse is} 23... Nxe3 24. Rxg7 d4 25. Rg6+ Kc7 26. Rg7+ Kd6 27. Rg6+ Kc7 28. Nc5 $14) 24. Rh5 g6 $36 {[%mdl 2048] White is under pressure.} 25. Rh3 Rbe7 26. Nb6 Bb7 {[%cal Rg4e3]} 27. c4 Kc7 28. c5 Nxe3 29. Rg3 Ng4 30. Ra1 Ne5 {Hoping for ...f4.} 31. Bf1 $1 f4 32. Rga3 Rd8 33. Ra7 Nc4+ 34. Nxc4 dxc4+ 35. Kc3 Re3+ 36. Kxc4 {The position is equal.} Kb8 (36... g5 {is more complex.} 37. R7a3 Re4+ 38. Kc3 g4 39. Ra7 Re3+) 37. R7a3 Rxa3 38. Rxa3 $11 {[%mdl 4096] Endgame KRB-KRB} Rd2 39. Rf3 g5 40. g3 fxg3 41. Rxg3 Rd7 {[#] And now ...Ba6+ would win.} 42. Bg2 Rg7 43. Kd4 Kc7 44. Ke5 {With the idea Kf6.} g4 {Weighted Error Value: White=0.11/Black=0.09} 1/2-1/2

[Event "Magnus Carlsen Invitational-KO 2021"]
[Site "Online"]
[Date "2021.03.16"]
[Round "1.2"]
[White "Nepomniachtchi, Ian"]
[Black "Nakamura, Hikaru"]
[Result "1/2-1/2"]
[WhiteElo "2789"]
[BlackElo "2736"]
[Annotator "TA"]
[PlyCount "160"]
[EventDate "2021.03.16"]
[EventType "k.o."]
[EventCountry "NET"]

{[%evp 9,160,43,59,-4,67,6,65,65,60,52,64,70,75,69,65,39,58,67,66,57,79,67,49,52,96,43,38,42,55,20,38,0,0,0,10,0,0,8,0,0,19,16,23,0,12,0,0,0,0,0,0,-59,-60,-47,-41,-47,-47,-39,-66,-44,-47,-42,-56,-39,-68,-43,-85,-46,-35,-52,0,0,-10,-17,-18,-19,-6,-20,-12,-27,0,0,0,0,0,0,0,0,0,0,0,0,0,0,0,0,0,0,0,0,0,0,0,0,0,0,0,0,0,0,0,0,0,0,0,0,0,0,0,0,0,0,0,0,0,0,339,0,0,0,0,0,0,0,0,0,0,0,0,0,0,0,0,0,5057,5943,1927,178,178,0,1343,0,0]} 1. e4 e5 2. Nf3 Nc6 3. Bb5 a6 4. Ba4 g6 5. d4 exd4 6. Bg5 {C70: Ruy Lopez: 3...a6 4 Ba4, Norwegian and Delayed Schliemann.} (6. Nxd4 $14 Bg7 7. Nxc6 bxc6 8. Nc3) 6... f6 (6... Be7 $11 7. Bxe7 Ngxe7) 7. Bh4 (7. Bf4 $14) 7... Bg7 (7... h5 $11 8. Bg3 Bc5) 8. Nxd4 {White is slightly better.} Nge7 9. Nc3 {[#]} Nxd4 $146 ({Predecessor:} 9... O-O 10. O-O Kh8 11. Nde2 b5 12. Bb3 Na5 13. f4 Bb7 14. Bd5 Nxd5 15. Nxd5 Nc4 {0-1 (26) Yumakhuzhin,V (2221)-Vaseptsov,M (2256) Cheliabinsk 2018}) 10. Qxd4 O-O 11. Qd2 d6 12. O-O g5 13. Bg3 Ng6 14. Nd5 f5 15. exf5 Bxf5 16. c3 b5 17. Bc2 (17. Bb3 $16 Kh8 18. a4) 17... Bxc2 $14 18. Qxc2 c6 19. Ne3 Qf6 20. a4 Rae8 21. axb5 axb5 22. Rfe1 h5 23. h3 d5 24. Nf1 Re6 25. Rxe6 Qxe6 26. Qd1 h4 27. Bh2 d4 28. cxd4 Qe4 29. Qb3+ Kh8 30. Be5 ({White should try} 30. Bd6 $11 Nf4 31. Ne3 Ne2+ 32. Kh1 Rxf2 33. Be5 Bxe5 34. dxe5 (34. Ra8+ Kg7 $15)) 30... Nxe5 $15 31. dxe5 Qxe5 32. Ra2 Qc5 33. Ne3 Qc1+ 34. Qd1 Bxb2 35. Rxb2 Qxb2 {[%mdl 4096] Endgame KQR-KQN} 36. Qh5+ Kg8 37. Qxg5+ Qg7 38. Qxh4 Qa1+ 39. Kh2 Qf6 (39... Qe5+ $15 40. Kg1 Kf7) 40. Qg4+ $11 Kh7 41. Qd7+ Rf7 {( -> ...Qf4+)} 42. Qd3+ Qg6 43. Qd2 Qe4 44. g3 c5 45. Ng4 Qd4 46. Qh6+ Kg8 47. Qe6 Kf8 48. Qh6+ Ke7 49. Qg5+ Ke8 {White must now prevent ...Rxf2+.} (49... Kd6 {with more complications.} 50. Qg6+ Ke7 51. Qg5+) 50. Qg8+ Ke7 {Threatens to win with ...Rxf2+.} 51. Qg5+ Kd7 52. Ne5+ {[%mdl 64] Double Attack} Ke6 53. Nxf7 Qxf2+ 54. Kh1 Qf1+ 55. Kh2 Qf2+ 56. Kh1 Kxf7 {KQ-KQ} 57. Qd5+ Ke7 58. Qb7+ Kd6 59. Qxb5 Ke5 60. h4 (60. Qc6 {is more complex.} Qf1+ 61. Kh2 c4 62. Qc5+ Ke4 63. Qe7+) 60... Kd4 61. Qa4+ Ke3 62. Qb3+ (62. Qd7 {looks sharper.} Qxg3 63. Qe6+ Kd4 64. Qf6+ Ke4 65. Qe6+) 62... Kd4 63. Qa4+ (63. h5 {is interesting.} Qf1+ 64. Kh2 Qe2+ 65. Kg1 Qe1+ 66. Kg2) 63... Ke3 64. Qb3+ (64. Qa5 {feels hotter.} Kf3 65. Qc3+ Kg4 66. Qg7+ Kf3 67. Qc3+) 64... Ke2 65. h5 (65. Qc4+ {is more complex.} Kd2 66. Qd5+ Ke2 67. Qe4+ Kd2 68. Qe5) 65... Qf5 66. Kg2 {And now Qc4+ would win.} Qf1+ (66... Qxh5 {keeps more tension.} 67. Qe6+ Kd3 68. g4 Qg5 69. Qb3+ Kd2) 67. Kh2 {Intending Qc4+ and mate.} Qf5 $2 {[%mdl 8192]} (67... Qf2+ $1 $11 {and Black has nothing to worry.} 68. Kh3 Qf5+ 69. g4 Qf1+ 70. Kg3 Qf2+ 71. Kh3 Qf1+ 72. Kh4 Qf6+ 73. g5 Qf4+ 74. Kh3 Qf5+ 75. Kh2 Qf2+ 76. Kh3 Qf5+ {[%mdl 64] Double Attack} 77. Kh4 Qf4+ 78. Kh3 Qf5+) 68. Kg2 $2 (68. Qc4+ $18 Kd2 69. g4 Qf2+ 70. Kh3 Qf3+ 71. Kh4) 68... Qe4+ 69. Kh2 {Qb2+ is the strong threat.} (69. Kg1 {seems wilder.} Qd4+ 70. Kh2 Qf2+ 71. Kh3 Qf5+ 72. Kh4) 69... c4 70. Qb2+ (70. Qb4 {is more complex.} Kd1 71. Qd6+ Ke1 72. Qb4+ Kd1) 70... Kd1 71. h6 Qd3 72. Qa1+ Kc2 73. Qa2+ (73. Kh3 {looks sharper.} Qg6 74. Qa4+ Kc3 75. Qa5+ Kc2 76. Qa2+) 73... Kc1 74. Qa1+ Kd2 75. Qb2+ (75. Qe5 {feels hotter.} c3 76. Qh5 Qh7 77. Qg5+ Kd1 78. Qe3) 75... Kd1 $1 76. Qa1+ Ke2 $2 {[%mdl 8192]} (76... Kc2 $11) 77. Qe5+ $18 Kf1 78. Qf4+ $2 (78. Qf6+ Ke2 79. Qf7) 78... Ke1 {[#] intending ...c3.} 79. Qe5+ $2 (79. Kg1 $1 $18 {Hoping for Qc1+.} c3 80. h7 Qxh7 81. Qe3+ {[%mdl 64] Double Attack} Kd1 82. Qxc3) 79... Kd2 $2 {[%mdl 8192] [#]} (79... Kf1 $11 80. Qf6+ Ke2) 80. Qb2+ $2 (80. Qe7 $1 $18 {aiming for h7.} Kd1 81. h7 Qd2+ 82. Kh3) 80... Kd1 {Weighted Error Value: White=0.12/Black=0.10} 1/2-1/2